New TOEIC 4n4 : four weeks for weakness. 520 level 520 Level
Enregistré dans:
| Format: | Livre |
|---|---|
| Publié: |
Nxb. Tổng hợp Tp.HCM : Nhân Trí Việt
2009
|
| Tags: |
Ajouter un tag
Pas de tags, Soyez le premier à ajouter un tag!
|
| Thư viện lưu trữ: | Mạng thư viện Đại học Đà Nẵng |
|---|
| LEADER | 00891nam a2200241 a 4500 | ||
|---|---|---|---|
| 001 | 000041802 | ||
| 003 | 33024 | ||
| 005 | 20171030155812.0 | ||
| 008 | 171030s2009 | ||
| 020 | |c 96000 | ||
| 040 | |a LNN | ||
| 082 | 0 | |a 428.01 |b Ne-T | |
| 245 | 0 | 0 | |a New TOEIC 4n4 : four weeks for weakness. 520 level |c chủ biên : Neungyule education ; chuyển ngữ phần chú giải Nguyễn Thành Yến. |n 520 Level |
| 260 | |b Nxb. Tổng hợp Tp.HCM : Nhân Trí Việt |c 2009 | ||
| OWN | |a LNN | ||
| AVA | |a UDN50 |b LNN |d 428.01 Ne-T |e available |t Error 5001 Not defined in file expand_doc_bib_avail. |f 1 |g 0 |h N |i 0 |k 1 | ||
| 999 | |a From the UDN01 | ||
| AVA | |a UDN50 |b LNN |d 428.01 Ne-T |e available |t Error 5001 Not defined in file expand_doc_bib_avail. |f 1 |g 0 |h N |i 0 |k 1 | ||
| TYP | |a Monograph | ||
| TYP | |a Printed language | ||
| 980 | |a Mạng thư viện Đại học Đà Nẵng | ||